Т. 2; Высшая математика

Bibliografske podrobnosti
Parent link:Высшая математика: в 2 т./ А. А. Гусак. Т. 2.— 5-е изд..— , 2004.— 985-470-220-0
Izvleček:Книга написана в соответствии с учебной программой курса высшей математики для вузов. Издается в двух томах. Во второй том включены следующие разделы: теория функций нескольких переменных, кратные и криволинейные интегралы, числовые и функциональные ряды, дифференциальные уравнения, теория вероятностей и математическая обработка результатов наблюдений. Изложение теоретического материала иллюстрировано многочисленными примерами. Предназначается студентам, аспирантам и преподавателям вузов.
Jezik:ruščina
Izdano: 2004
Teme:
Format: MixedMaterials Knjiga
KOHA link:https://koha.lib.tpu.ru/cgi-bin/koha/opac-detail.pl?biblionumber=106359

MARC

LEADER 00000nam2a2200000 4500
001 106359
005 20231031114854.0
010 |a 9854702189 
035 |a (RuTPU)RU\TPU\book\114772 
090 |a 106359 
100 |a 20061205d2004 m y0rusy50 ca 
101 0 |a rus 
102 |a BY 
105 |a a j 001zy 
200 0 |a Т. 2 
210 |d 2004 
215 |a 448 с.  |c ил. 
320 |a Библиогр.: с. 433. 
320 |a Предметно-именной указатель: с. 434-139. 
330 |a Книга написана в соответствии с учебной программой курса высшей математики для вузов. Издается в двух томах. Во второй том включены следующие разделы: теория функций нескольких переменных, кратные и криволинейные интегралы, числовые и функциональные ряды, дифференциальные уравнения, теория вероятностей и математическая обработка результатов наблюдений. Изложение теоретического материала иллюстрировано многочисленными примерами. Предназначается студентам, аспирантам и преподавателям вузов. 
451 1 |0 (RuTPU)RU\TPU\book\31149  |y 985-6577-33-0  |t Т. 2  |c Минск  |n ТетраСистемс  |d 2001  |p 448 с. 
461 1 |0 (RuTPU)RU\TPU\book\115170  |y 985-470-220-0  |t Высшая математика  |o в 2 т.  |o учебник  |f А. А. Гусак  |v Т. 2  |e 5-е изд.  |d 2004 
610 1 |a математика высшая 
610 1 |a аналитическая геометрия 
610 1 |a дифференциальное исчисление 
610 1 |a интегральное исчисление 
610 1 |a функции одной переменной 
610 1 |a учебные пособия 
675 |a 51(075.8)  |v 3 
801 0 |a BY  |b 63413507  |c 20011209  |g PSBO 
801 2 |a RU  |b 63413507  |c 20201127  |g PSBO 
942 |c BK